000 00791nam a2200241 i 4500
001 128279
003 ES-MaACL
005 20230906193224.0
007 t|
008 070628s1991 fr ||||1| fre d
020 _a2-86260-332-5
080 _a9(=97)
245 0 0 _aTerre indienne
_b: une peuple écrasé, une culture retrouvée /
_cdirigé par Philippe Jacquin.
260 _aParis :
_bAutrement,
_c[1991]
300 _a228 p. :
_bil. ;
_c25 cm.
490 1 _aAutrement. Série Monde
_78, n. 54
500 _aBiblioteca Jacinto Martínez Lacalle.
650 4 _aIndios de América del Norte-
_xGuerras.
_913678
700 1 _aJacquin, Philippe.
_965886
830 0 _aAutrement. Série Monde
_78, n. 54
_9219265
852 _aES-MaACL
_jE-11780
_bR.139755
999 _c128279
_d128279